U.S. City Skyline Quiz (difficult) - Statistics

General Stats
  • This quiz has been taken 1,975 times
  • The average score is 8 of 15
Answer Stats
Picture Answer % Correct
Columbus
68%
Indianapolis
66%
Albuquerque
62%
Boise
62%
Milwaukee
61%
San Antonio
60%
Omaha
59%
Orlando
57%
Raleigh
53%
Des Moines
51%
Knoxville
51%
Hartford
46%
Little Rock
42%
Fort Worth
38%
Charleston
36%
No matching quizzes found
Score Distribution
Percent of People with Each Score
Percentile by Number Answered
Your Score History
You have not taken this quiz